IFM Opac

Creation of income by taxation (Record no. 13418)

MARC details
000 -LEADER
fixed length control field 00287nam a22001217a 4500
082 ## - DEWEY DECIMAL CLASSIFICATION NUMBER
Classification number 336.20973 HUB
100 ## - MAIN ENTRY--PERSONAL NAME
Personal name Hubbard, Joshua C.
245 ## - TITLE STATEMENT
Title Creation of income by taxation
260 ## - PUBLICATION, DISTRIBUTION, ETC.
Place of publication, distribution, etc. London
Name of publisher, distributor, etc. GreenWood
Date of publication, distribution, etc. 1968
300 ## - PHYSICAL DESCRIPTION
Extent xi, 239
Other physical details 23cm.
500 ## - GENERAL NOTE
General note include index
942 ## - ADDED ENTRY ELEMENTS (KOHA)
Koha item type Books
Holdings
Withdrawn status Lost status Source of classification or shelving scheme Damaged status Not for loan Home library Current library Shelving location Date acquired Full call number Barcode Date last seen Price effective from Koha item type
    Dewey Decimal Classification     IFM Main Campus Library IFM Main Campus Library   11/04/2015 336.20973 HUB 0000005589 11/04/2015 11/04/2015 Books